Super Word Chain Quiz Stats

 Plays Quiz Updated Aug 20, 2013

Support Sporcle.
Go Orange.
Score 0/36 Timer 06:00
1 Play Today
First Portion Common Word % Correct
Cable, Pullman, or Race ___CAR ⇩
95.2%
Black, Jumping, or Lumber ____JACK ⇩
93.4%
Bulletin, Draft, or Ironing _____BOARD ⇩
92.4%
Cart, Ferris, or Roulette _____WHEEL ⇩
92.2%
Early, Humming, or Jail ____BIRD ⇩
91.4%
Alarm, Cuckoo, or Grandfather _____CLOCK ⇩
91.1%
Fiber, Looking, or Magnifying _____GLASS ⇩
90.9%
Alley, Fat, or Tom ___CAT ⇩
90.3%
Easy, Lounge, or Rocking _____CHAIR ⇩
89.6%
Ballot, Boom, or Fuse ___BOX ⇩
89.5%
Claw, Sledge, or Trip ______HAMMER ⇩
89.4%
Hobby, Sea, or Trojan _____HORSE ⇩
89%
Chain, Hack, or Jig ___SAW ⇩
86.8%
Birthday, Greeting, or Flash ____CARD ⇩
86.2%
Living, Locker, or Motel ____ROOM ⇩
84.9%
Cell, Ear, or Pay _____PHONE ⇩
84.4%
Bowling, Foot, or Odd ____BALL ⇩
84.2%
Dinner, Periodic, or Training _____TABLE ⇩
83.9%
First Portion Common Word % Correct
Freak, Slide, or TV ____SHOW ⇩
83%
Over, Play, or Prime ____TIME ⇩
80.8%
Fork, Shop, or Ski ____LIFT ⇩
78.2%
Gas, Police, or Radio _______STATION ⇩
78.1%
Running, Snow, or Tennis ____SHOE ⇨⇨⇨
78%
Doll, Frat, or School _____HOUSE ⇩
77.6%
Chuck, Covered, or Welcome _____WAGON ⇩
76.7%
End, Mind, or Video ____GAME ⇩
75.4%
Cast, Goof, or Kick ___OFF ⇩
75.3%
Church, Lip, or Secret _______SERVICE ⇩
73.1%
Decimal, Fire, or Hiding _____PLACE ⇩
71.9%
Dollar, Duck, or Play ____BILL ⇩
71.7%
Farm, Left, or Second ____HAND ⇩
67.1%
Flu, Gun, or Long ____SHOT ⇩
65.5%
Arrow, Jug, or Letter ____HEAD ⇩
59.6%
Blow, Burn, or Shoot ___OUT ⇩
56.8%
Bulls, Red, or Wall ___EYE ⇩
41.7%
Home, Paper, or Team ____WORK ⇩
29.2%

You're not logged in!

Compare scores with friends on all Sporcle quizzes.
OR
Log In

From the Vault

The Sporcle Zoo VII

by beforever

Please don't feed the...whatever that is.
Remove Ads.
Support Sporcle.
Get the best of Sporcle when you Go Orange. This ad-free experience offers more features, more stats, and more fun while also helping to support Sporcle. Thank you for becoming a member.

Show Comments

Extras

Top Quizzes Today


Score Distribution

Your Account Isn't Verified!

In order to create a playlist on Sporcle, you need to verify the email address you used during registration. Go to your Sporcle Settings to finish the process.

Report this User

Report this user for behavior that violates our Community Guidelines.

Details: